000 00385nam a2200145Ia 4500
008 230711s9999||||xx |||||||||||||| ||und||
041 _aENG
082 _a4
_bCA-P
100 _aCadd Center Traning Prt
245 0 _aProgramming/engineers reference guide
250 _a1st Ed.
260 _c2002
_aNew delhi
_bCadd Center Traning Pvt Ltd
650 _aComputer Engineering
942 _cBK
999 _c4045
_d4045